Qu'elle Éditeur a crée se jeux vidéo ? Click Quiz Difficile - Statistiques

Statistiques générales
  • Ce quiz a été pris 27 fois
  • Le résultat moyen est 11 sur 20
Statistiques - réponses
Hint Réponse % Correct
NBA 2k15 2K Games
95%
Fortnite Epic Games
95%
Assassin's Creed Ubisoft
95%
WWE 2K14 2K Games
90%
Call of Duty Activision
90%
League of legends Riot Games
86%
Tom Clancy's Rainbow Six Ubisoft
86%
Valorant Riot Games
76%
Hollow Knight Team Cherry
76%
Far Cry 6 Ubisoft
76%
Mafia II 2K Games
33%
The Amazing Spider-Man (2012) Activision
33%
Guitar Hero Activision
33%
Sid Meier's Civilization IV 2K Games
19%
2XKO Riot Games
19%
King Kong Ubisoft
19%
Call of Juarez Ubisoft
19%
Marvel's Midnight Suns 2K Games
14%
Paragon Epic Games
14%
Brawlhalla Ubisoft
14%
Aucun quiz correspondant
Distribution des résultats
% des personnes avec chaque résultat
Percentile par nombre de réponses
Votre historique - résultats
Vous n’avez pas pris ce quiz